Nba Shoes - Statistics

General Stats
  • This quiz has been taken 155 times
  • The average score is 3 of 5
Answer Stats
Answer % Correct
lakers kobe
90%
goat jordans
66%
3pt currys
47%
snake kds
31%
jordans wing man pippens
31%
No matching quizzes found
Score Distribution
Percent of People with Each Score
Percentile by Number Answered
Your Score History
You have not taken this quiz